000 00668nam a22002057a 4500
003 OSt
005 20260128035320.0
008 260128b |||||||| |||| 00| 0 eng d
020 _a978-0-470-04644-9.
040 _aDWCL-Main lib
_cOC
082 _aCirc. 005.54 Z35e 2007
100 _aZapawa, Timothy
245 _aExcel 2007 advanced report development
_cZapawa, Timothy
260 _aIndiana :
_bWiley Publishing, Inc.,
_cc2007.
300 _axxxi, 542 pages :
_billustration ;
_c23 cm.
504 _aIncludes index.
650 _a1. Business report writing-Computer programs.
650 _a2. Microsoft Excel (Computer file).
942 _2ddc
_cBK-CIRC
_kCirc.
_n0
999 _c7889
_d7889